Ondrej Bošáni (príspevok k osobnosti, k jeho dielu a účasti v národnom hnutí)

Bibliographic Details
Main Author: Vyvíjalová, Mária, 1921-2004 (Author)
Format: Article
Language:Slovak
Subjects:

MARC

LEADER 00000naa a2200000 ar4500
001 vtls009088943
003 SK-MaSNL
005 20260426023827.0
008 070823e1967 xo | ||h |||| |bslo
015 |a SNBRA2007/08  |2 snkbucl 
038 |a SNKBUCL 
040 |a SNKBUCL  |b slo  |c SNKBUCL  |e AACR2 
041 0 |a slo  |b ger 
044 |a xo  |c SK 
080 |a 94(437.6)-051  |x "17/18"  |2 1997 
080 |a 82:929:821.162.4  |2 1997 
080 |a 821.162.4:929  |2 1997 
080 |a 37-051  |2 1997 
080 |a 929 Bošáni, Ondrej  |2 1997 
100 1 |a Vyvíjalová, Mária,  |d 1921-2004  |4 aut  |9 105262 
245 1 0 |a Ondrej Bošáni  |b (príspevok k osobnosti, k jeho dielu a účasti v národnom hnutí)  |c Mária Vyvíjalová 
504 |a Bibliogr. odkazy v poznámkach 
546 |a Res. nem. 
600 1 7 |a Bošáni, Ondrej,  |d 1766-1831  |2 SNKMA  |9 53819 
650 0 7 |a národné obrodenie  |2 SNKPH  |9 3795 
650 0 7 |a národné hnutie  |2 SNKPH  |9 71486 
651 7 |a Slovensko  |2 SNKPHgeo  |9 14231 
655 7 |a biografie  |2 SNKPH  |9 27965 
655 7 |a štúdie  |2 SNKPH  |9 57033 
773 0 |t Historické štúdie. XII  |d Bratislava : Vydavateľstvo Slovenskej akadémie vied, 1967  |g S. 63-88 
852 |a SNK  |b KIS3GCP 
958 |a NB 
958 |a SK 
958 |a BX 
958 |a LX 
999 |c 1353513  |d 1355443